Calculus / (Record no. 16640)

000 -LEADER
fixed length control field 00532cam a22001938a 4500
020 ## - INTERNATIONAL STANDARD BOOK NUMBER
ISBN 007283093X
040 ## - CATALOGING SOURCE
Transcribing agency DLC
082 00 - DEWEY DECIMAL CLASSIFICATION NUMBER
Classification number 515 HIL 2002 A109 Or.
100 1# - MAIN ENTRY--AUTHOR NAME
Personal name Smith, Robert T.
245 10 - TITLE STATEMENT
Title Calculus /
250 ## - EDITION STATEMENT
Edition statement 2nd ed. update.
260 ## - PUBLICATION, DISTRIBUTION, ETC. (IMPRINT)
Place of publication Dubuque, Iowa :
Name of publisher McGraw-Hill,
Year of publication 2002.
300 ## - PHYSICAL DESCRIPTION
Number of Pages p. cm.
650 #0 - SUBJECT ADDED ENTRY--TOPICAL TERM
Topical Term Calculus.
700 1# - ADDED ENTRY--PERSONAL NAME
Personal name Minton, Roland B.,
856 41 - ELECTRONIC LOCATION AND ACCESS
Uniform Resource Identifier http://www.loc.gov/catdir/toc/mh031/2002069581.html
856 42 - ELECTRONIC LOCATION AND ACCESS
Uniform Resource Identifier http://www.loc.gov/catdir/description/mh031/2002069581.html
942 ## - ADDED ENTRY ELEMENTS (KOHA)
Koha item type សៀវភៅភាសាអង់គ្លេស

No items available.

មជ្ឈមណ្ឌលឯការនៃសាកលវិទ្យាល័យភូមិន្ទកសិកម្មចំការដូង

Powered by Koha